Play dead / (Record no. 3740)

MARC details
000 -LEADER
fixed length control field 01003nam a22002417a 4500
001 - CONTROL NUMBER
control field 3740
003 - CONTROL NUMBER IDENTIFIER
control field FISKH
005 - DATE AND TIME OF LATEST TRANSACTION
control field 20240426093359.0
008 - FIXED-LENGTH DATA ELEMENTS--GENERAL INFORMATION
fixed length control field 240426b cb ||||| |||| 00| 0 eng d
040 ## - CATALOGING SOURCE
Original cataloging agency FISK
Language of cataloging eng
Transcribing agency FISK
Modifying agency FISK
050 ## - LIBRARY OF CONGRESS CALL NUMBER
Classification number PZ7.M4116
082 ## - DEWEY DECIMAL CLASSIFICATION NUMBER
Classification number 813.6
100 ## - MAIN ENTRY--PERSONAL NAME
Personal name B. Mason Jane
Dates associated with a name 1807-1832
245 ## - TITLE STATEMENT
Title Play dead /
Statement of responsibility, etc. Jane B. Mason
260 ## - PUBLICATION, DISTRIBUTION, ETC.
Place of publication, distribution, etc. New York :
Name of publisher, distributor, etc. Scholastic,
Date of publication, distribution, etc. 2012
300 ## - PHYSICAL DESCRIPTION
Extent 202 pages :
Dimensions 20 cm
505 ## - FORMATTED CONTENTS NOTE
Formatted contents note K
520 ## - SUMMARY, ETC.
Summary, etc. When Dodge, a German shepherd police dog, finds himself retired after an accident leaves him deaf in one ear, he's lucky to be adopted by the perfect family. Twelve-year-old Cassie Sullivan, his girl, smells almost as good as a dog, and gets her nose for sleuthing from her police chief mom and coroner dad. Cassie is smart and quick on her feet, and doesn't mind breaking a couple rules to get to the bottom of a mystery.
521 8# - TARGET AUDIENCE NOTE
Target audience note 550
Source Lexiles
700 ## - ADDED ENTRY--PERSONAL NAME
Personal name Jane B. Mason
942 ## - ADDED ENTRY ELEMENTS (KOHA)
Source of classification or shelving scheme Library of Congress Classification
Koha item type Books
Suppress in OPAC No
Holdings
Withdrawn status Lost status Source of classification or shelving scheme Damaged status Not for loan Collection Home library Current library Shelving location Date acquired Total Checkouts Full call number Barcode Date last seen Copy number Price effective from Koha item type
    Library of Congress Classification     Fiction Footprints International School Library Network Toul Kork Campus Footprints International School Library Network Toul Kork Campus   04/26/2024   MAS PZ7.M4116 813.6 2024-0538 04/26/2024 1 04/26/2024 Books